Statistiche per Gradazioni di colore - Giallo

Clicka qui per fare il quiz!

Statistiche generali

  • Questo quiz è stato fatto 8 volte
  • Il punteggio medio è 3 su 37

Statistiche sulle risposte

ColoreGradazione% Corretto
GialloLimone
67%
GialloBeige
50%
GialloGiallo paglierino
50%
GialloLime
33%
GialloVerde oliva
33%
GialloCachi
17%
GialloPera
17%
GialloSenape
17%
GialloZafferano
17%
GialloAlbicocca
0%
GialloAmbra
0%
GialloBianco di titanio
0%
GialloBianco di zinco
0%
GialloBianco Navajo
0%
GialloCamoscio
0%
GialloCrema
0%
GialloFlax
0%
GialloGiallo amamelide
0%
GialloGiallo cadmio
0%
GialloGiallo Chartreuse
0%
GialloGiallo citrino
0%
GialloGiallo cromo
0%
GialloGiallo Napoli
0%
GialloGiallo Napoli rossastro
0%
GialloGiallo pastello
0%
GialloGiallo scuolabus
0%
GialloGiallo selettivo
0%
GialloGiallo solidago
0%
GialloGommagutta
0%
GialloLimone crema
0%
GialloMais
0%
GialloMandarino
0%
GialloOro
0%
GialloOro metallico
0%
GialloOro vecchio
0%
GialloPapaya
0%
GialloPesca-giallo
0%

Distribuzione punteggi

Percentile per numero di risposta

Percentuale di utenti per punteggio

I tuoi punteggi nel tempo

Non hai fatto questo quiz